The British Isles (with Map!) - Statistics

General Stats
  • This quiz has been taken 5,163 times
  • The average score is 7 of 8
Answers on the Map
Answers color-coded by a green-red scale on the quiz's map according to % correct below.
 
Answer Stats
Region % Correct
Scotland
99%
Wales
99%
England
98%
Ireland
98%
Northern Ireland
98%
Isle of Man
92%
Jersey
80%
Guernsey
76%
No matching quizzes found
Score Distribution
Percent of People with Each Score
Percentile by Number Answered
Your Score History
You have not taken this quiz